Vplyv globalizačných a integračných procesov na rozvoj územného potenciálu EÚ a následnú voľbu metód a nástrojov jeho usmerňovania

Sústredenie sa súčasnej politiky Európskej únie v rámci územnej súdržnosti na hľadanie územného potenciálu Európy. Problematika priestorového rozvoja intenzívne analyzuje v kontexte s minulými, súčasnými a hlavne budúcimi prístupmi formovania urbanistického priestoru. Možnosti zapracovania jednotli...

Descrizione completa

Salvato in:
Dettagli Bibliografici
Autore principale: Betáková, Janka
Natura: Capitolo di libro
Lingua:slovacco
Soggetti:
Tags: Aggiungi Tag
Nessun Tag, puoi essere il primo ad aggiungerne!!

MARC

LEADER 00000nla$a2200000$$$4500
001 0076385
005 20220316113757.2
041 0 |a slo 
044 |a SK 
245 1 0 |a Vplyv globalizačných a integračných procesov na rozvoj územného potenciálu EÚ a následnú voľbu metód a nástrojov jeho usmerňovania  |c Janka Betáková 
520 |a Sústredenie sa súčasnej politiky Európskej únie v rámci územnej súdržnosti na hľadanie územného potenciálu Európy. Problematika priestorového rozvoja intenzívne analyzuje v kontexte s minulými, súčasnými a hlavne budúcimi prístupmi formovania urbanistického priestoru. Možnosti zapracovania jednotlivých aspektov udržateľného rozvoja do rozvojových plánov, stratégií a politík. Analýza tohto stavu a následná relevantnosť výberu implemetančných nástrojov a metód. 
610 2 0 |a priestor 
610 2 0 |a Európska únia 
610 2 0 |a rozvoj regionálny 
610 2 0 |a cykly hospodárske 
610 2 0 |a hospodárstvo trhové 
610 2 0 |a plánovanie regionálne 
100 1 |a Betáková, Janka